<?xml version="1.0" encoding="UTF-8"?>
<collection xmlns="http://www.loc.gov/MARC21/slim">
<record>
  <controlfield tag="001">166057</controlfield>
  <controlfield tag="005">20260119170325.0</controlfield>
  <datafield tag="024" ind1="7" ind2=" ">
    <subfield code="2">doi</subfield>
    <subfield code="a">10.1016/j.scitotenv.2025.181057</subfield>
  </datafield>
  <datafield tag="024" ind1="8" ind2=" ">
    <subfield code="2">sideral</subfield>
    <subfield code="a">147487</subfield>
  </datafield>
  <datafield tag="037" ind1=" " ind2=" ">
    <subfield code="a">ART-2025-147487</subfield>
  </datafield>
  <datafield tag="041" ind1=" " ind2=" ">
    <subfield code="a">eng</subfield>
  </datafield>
  <datafield tag="100" ind1=" " ind2=" ">
    <subfield code="a">Apolo-Romero, Alexy</subfield>
    <subfield code="u">Universidad de Zaragoza</subfield>
  </datafield>
  <datafield tag="245" ind1=" " ind2=" ">
    <subfield code="a">Circular water–energy integration in off-grid viticulture: An Ecocanvas approach to resource efficiency</subfield>
  </datafield>
  <datafield tag="260" ind1=" " ind2=" ">
    <subfield code="c">2025</subfield>
  </datafield>
  <datafield tag="520" ind1="3" ind2=" ">
    <subfield code="a">Viticulture faces growing challenges from climate change, including water scarcity, rising energy demand, and resource insecurity, particularly in off-grid rural areas. This study proposes a circular water–energy integration
strategy to enhance resource self-sufficiency and resilience in agri-food systems. A mixed-methods framework was applied, combining technical monitoring of a circular water–energy system with business model analysis.
The Ecocanvas framework, a circular adaptation of the Business Model Canvas, structured system integration, while a PESTEL analysis identified institutional and regulatory drivers. The system was evaluated under real
operating conditions in an off-grid winery in Spain as part of the LIFE Climawin project, demonstrating both technical feasibility and circular performance. Results demonstrate technical feasibility and strong circular
performance. Approximately 1000 m3 of water were sequentially reused per production cycle, reducing groundwater extraction. Photovoltaic-powered water-to-water heat pumps improved thermal efficiency, achieving energy savings of 38 % for heating and 56 % for cooling compared with the baseline. Smart microgrid control enhanced overall system efficiency and stability, confining diesel use to backup operation only, corresponding to an inferred approximately 80 % decrease in diesel-generated electricity compared with the baseline, and lowering annual CO₂ emissions by about 260 t CO₂eq (76.5 %). Overall, the study confirms that circular water–energy integration is a viable pathway to resource autonomy in off-grid viticulture. The findings highlight Ecocanvas as an effective decision-support tool for scaling circular transitions in small and medium- sized enterprises in the agri-food sector and for informing European Union sustainability policies.</subfield>
  </datafield>
  <datafield tag="536" ind1=" " ind2=" ">
    <subfield code="9">info:eu-repo/grantAgreement/EUR/LIFE/22-CCM-ES-CLIMAWIN/101113948</subfield>
  </datafield>
  <datafield tag="540" ind1=" " ind2=" ">
    <subfield code="9">info:eu-repo/semantics/closedAccess</subfield>
    <subfield code="a">All rights reserved</subfield>
    <subfield code="u">http://www.europeana.eu/rights/rr-f/</subfield>
  </datafield>
  <datafield tag="655" ind1=" " ind2="4">
    <subfield code="a">info:eu-repo/semantics/article</subfield>
    <subfield code="v">info:eu-repo/semantics/publishedVersion</subfield>
  </datafield>
  <datafield tag="700" ind1=" " ind2=" ">
    <subfield code="a">García-Casarejos, Nieves</subfield>
    <subfield code="u">Universidad de Zaragoza</subfield>
    <subfield code="0">(orcid)0000-0002-5142-0270</subfield>
  </datafield>
  <datafield tag="700" ind1=" " ind2=" ">
    <subfield code="a">Gargallo, Pilar</subfield>
    <subfield code="u">Universidad de Zaragoza</subfield>
    <subfield code="0">(orcid)0000-0003-1205-1756</subfield>
  </datafield>
  <datafield tag="710" ind1="2" ind2=" ">
    <subfield code="1">4012</subfield>
    <subfield code="2">650</subfield>
    <subfield code="a">Universidad de Zaragoza</subfield>
    <subfield code="b">Dpto. Direcc.Organiza.Empresas</subfield>
    <subfield code="c">Área Organización de Empresas</subfield>
  </datafield>
  <datafield tag="710" ind1="2" ind2=" ">
    <subfield code="1">4014</subfield>
    <subfield code="2">623</subfield>
    <subfield code="a">Universidad de Zaragoza</subfield>
    <subfield code="b">Dpto. Economía Aplicada</subfield>
    <subfield code="c">Área Métodos Cuant.Econ.Empres</subfield>
  </datafield>
  <datafield tag="773" ind1=" " ind2=" ">
    <subfield code="g">1011 (2025), 181057 [15 pp.]</subfield>
    <subfield code="p">Sci. total environ.</subfield>
    <subfield code="t">SCIENCE OF THE TOTAL ENVIRONMENT</subfield>
    <subfield code="x">0048-9697</subfield>
  </datafield>
  <datafield tag="856" ind1="4" ind2=" ">
    <subfield code="s">9331183</subfield>
    <subfield code="u">http://zaguan.unizar.es/record/166057/files/texto_completo.pdf</subfield>
    <subfield code="y">Versión publicada</subfield>
    <subfield code="z">info:eu-repo/date/embargoEnd/2027-12-12</subfield>
  </datafield>
  <datafield tag="856" ind1="4" ind2=" ">
    <subfield code="s">1716006</subfield>
    <subfield code="u">http://zaguan.unizar.es/record/166057/files/texto_completo.jpg?subformat=icon</subfield>
    <subfield code="x">icon</subfield>
    <subfield code="y">Versión publicada</subfield>
    <subfield code="z">info:eu-repo/date/embargoEnd/2027-12-12</subfield>
  </datafield>
  <datafield tag="909" ind1="C" ind2="O">
    <subfield code="o">oai:zaguan.unizar.es:166057</subfield>
    <subfield code="p">articulos</subfield>
    <subfield code="p">driver</subfield>
  </datafield>
  <datafield tag="951" ind1=" " ind2=" ">
    <subfield code="a">2026-01-19-14:39:08</subfield>
  </datafield>
  <datafield tag="980" ind1=" " ind2=" ">
    <subfield code="a">ARTICLE</subfield>
  </datafield>
</record>
</collection>